La educación de personas jóvenes y adultas y el derecho a la educación (Record no. 160795)
[ view plain ]
| 000 -CABECERA | |
|---|---|
| campo de control de longitud fija | 00589nab a2200193 a 4500 |
| 005 - FECHA Y HORA DE LA ÚLTIMA TRANSACCIÓN | |
| campo de control | 20210219161619.0 |
| 008 - ELEMENTOS DE LONGITUD FIJA--INFORMACIÓN GENERAL | |
| campo de control de longitud fija | 991125s1985 mx 000 0 spa u |
| 035 ## - NÚMERO DE CONTROL DEL SISTEMA | |
| Número de control de sistema | UPN01000188692 |
| 100 1# - ASIENTO PRINCIPAL--NOMBRE PERSONAL | |
| Nombre de persona | Hernández, Gloria |
| 222 ## - TÍTULO CLAVE | |
| Título clave | REVISTA MEXICANA DE INVESTIGACION EDUCATIVA |
| 245 ## - MENCIÓN DE TÍTULO | |
| Título | La educación de personas jóvenes y adultas y el derecho a la educación |
| 300 ## - DESCRIPCIÓN FÍSICA | |
| Extensión | 485-511 |
| 362 0# - FECHAS DE PUBLICACIÓN Y/O DESIGNACIÓN SECUENCIAL | |
| Fecha de publicación y/o designación secuencial | 2012 Vol. 17, no. 53 (2), abr.-jun. |
| 653 0# - TERMINO DE INDIZACION - NO CONTROLADO | |
| Término no controlado | DERECHO A LA EDUCACION |
| 653 0# - TERMINO DE INDIZACION - NO CONTROLADO | |
| Término no controlado | EXCLUSION EDUCATIVA |
| 653 0# - TERMINO DE INDIZACION - NO CONTROLADO | |
| Término no controlado | JOVENES |
| 653 0# - TERMINO DE INDIZACION - NO CONTROLADO | |
| Término no controlado | CALIDAD EDUCATIVA |
| 905 ## - TIPO DE MATERIAL | |
| Tipo de material | Articulo |
No items available.
